Natural Histories of Delinquency

Gespeichert in:  
Bibliographische Detailangaben
1. VerfasserIn: Moffitt, Terrie E. (Verfasst von)
Medienart: Druck Aufsatz
Sprache:Englisch
Veröffentlicht: 1994
In: Cross-national longitudinal research on human development and criminal behavior
Jahr: 1994, Seiten: 3-64
Verfügbarkeit prüfen: HBZ Gateway
Schlagwörter:

MARC

LEADER 00000caa a22000002c 4500
001 1526100878
003 DE-627
005 20220604105342.0
007 tu
008 160223s1994 xx ||||| 00| ||eng c
020 |a 0792326202 
035 |a (DE-627)1526100878 
035 |a (DE-576)456100873 
035 |a (DE-599)BSZ456100873 
040 |a DE-627  |b ger  |c DE-627  |e rakwb 
041 |a eng 
100 1 |a Moffitt, Terrie E.  |0 (DE-588)1064353797  |0 (DE-627)813160839  |0 (DE-576)164067248  |4 aut 
109 |a Moffitt, Terrie E.  |a Moffitt, Terrie  |a Moffitt, T. E. 
245 1 0 |a Natural Histories of Delinquency  |c Terrie E. Moffitt 
264 1 |c 1994 
336 |a Text  |b txt  |2 rdacontent 
337 |a ohne Hilfsmittel zu benutzen  |b n  |2 rdamedia 
338 |a Band  |b nc  |2 rdacarrier 
773 0 8 |i In  |t Cross-national longitudinal research on human development and criminal behavior  |d Dordrecht [u.a.] : Kluwer Academic in cooperation with NATO Scientific Affairs Division, 1994  |g (1994), Seite 3-64  |h XVI, 461 S.  |w (DE-627)140579133  |w (DE-576)03801534X  |z 0792326202  |7 nnam 
773 1 8 |g year:1994  |g pages:3-64 
935 |a mkri 
951 |a AR 
ELC |b 1 
LOK |0 000 xxxxxcx a22 zn 4500 
LOK |0 001 2899610554 
LOK |0 003 DE-627 
LOK |0 004 1526100878 
LOK |0 005 20251017141924 
LOK |0 008 160208||||||||||||||||ger||||||| 
LOK |0 040   |a DE-21-110  |c DE-627  |d DE-21-110 
LOK |0 689   |a s  |a Anlage-Umwelt 
LOK |0 689   |a s  |a Kohortenforschung 
LOK |0 689   |a s  |a Delinquenz 
LOK |0 689   |a s  |a Lebensstil 
LOK |0 689   |a s  |a Mädchendelinquenz 
LOK |0 689   |a s  |a Schule 
LOK |0 689   |a s  |a Mehrfachtäter 
LOK |0 689   |a s  |a Soziobiographische Belastungen 
LOK |0 689   |a s  |a Kriminelle Karriere 
LOK |0 689   |a g  |a USA 
LOK |0 689   |a g  |a Neuseeland 
LOK |0 689   |a s  |a Intensivtäter 
LOK |0 689   |a s  |a Alter 
LOK |0 852   |a DE-21-110 
LOK |0 852 1  |m p  |9 00 
LOK |0 935   |a k110 
LOK |0 938   |k p 
LOK |0 939   |a 08-02-16  |b l01 
ORI |a SA-MARC-krimdoka001.raw